College Quizbowl Stats
College Quizbowl Stats
Circuits
Seasons
Sets
Records
Detailed Stats
About
Loading...
2024 Booster Shot (Columbia)
Tossups
Bonuses
Players
Teams
Categories (Tossup)
Categories (Bonus)
Andrea Ladino
NYU B
Categories
Category
Powers
Gets
Negs
BBs
Points
Earliest Buzz
Avg. Buzz
First Buzzes
Top 3 Buzzes
Literature - American Literature
1
0
0
0
15
61
61.00
0
1
Fine Arts - Other Fine Arts
0
1
0
0
10
124
124.00
0
0
History - American History
0
1
0
0
10
75
75.00
0
1
Fine Arts - Visual Fine Arts
0
1
1
0
5
102
102.00
0
1
Buzzes
Category
Answer
Value
Buzz Position
Fine Arts - Visual Fine Arts
Rome
-5
55
Literature - American Literature
The Bluest Eye
15
61
History - American History
California
10
75
Fine Arts - Visual Fine Arts
New York City
10
102
Fine Arts - Other Fine Arts
Spanish
10
124
Previous
1
Next